| 000 | 00383nam a2200121 a 4500 | ||
|---|---|---|---|
| 001 | 000045206 | ||
| 005 | 20201002045951.0 | ||
| 008 | 150210s200u dr 000 0 spa d | ||
| 040 |
_aDO-SdBNP _bspa _cBNPHU |
||
| 245 | 0 | 0 | _aAcuerdo de los partidos políticos para la adecuación de la ley electoral. |
| 260 |
_aSanto Domingo : _bFundación siglo 21, _c[200u]. |
||
| 300 |
_a48 p. ; _c23 cm. |
||
| 999 |
_c44695 _d44695 |
||